000 00529nam a2200205Ia 4500
005 20250326144837.0
008 250326s9999 xx 000 0 und d
020 _a0-471-74319-4
037 _aTextbook
040 _aFMSL
_beng
_cFMSL
041 _aeng
_2eng
084 _aX:514 P6
_qFMSL
100 _aCron W L
_9750185
245 0 _aSales management
_cCron W L; Decarlo T E
250 _a9
260 _aUSA
_bUSA, John Wiley
_c2006
300 _a543p
942 _cTB
_hX:514 P6
999 _c1305282
_d1305282